000 01210nam0a2200313 4500
001 RU\NLR\bibl\85430
005 20260503062556.0
021 _aRU
_b2000-4500
_9228
035 _a(NLR Aleph) 000083441
090 _a465521
_c465521
100 _a20000512d1999 |||y0rusy50 ca
101 0 _arus
102 _aRU
105 _ay |||||||||
200 1 _aБанковское кредитование малых предприятий
_fЮ.В.Головин
210 _aСПб.
_cИзд-во СПбГУЭФ
_d1999
215 _a27,[1] с.
_d20
225 1 _aПрепринт
_fМ-во образования Рос. Федерации, С.-Петерб. гос. ун-т экономики и финансов
320 _aБиблиогр. в подстроч. прим.
606 _aМалые предприятия
_xКредитование
_3RU\NLR\auth\661304108
_92167600
686 _aУ26(2)225
700 1 _4070
_8rus
_7ca
_aГоловин
_bЮ. В.
_gЮрий Викторович
_3RU\NLR\auth\7742799
_925742
801 0 _aRU
_bNLR
_c20000512
_gPSBO
801 1 _aRU
_bNLR
_c20000512
830 _aавт. по кн.
852 _aNLR
_j2000-4/1386
942 _cBOOK
980 _aNB